01017cam a2200181 a 4500001001000000003000900010005001700019008004100036040002300077082002300100100002800123245004500151260004100196300002800237505049800265650004400763651002800807000003065DO-SdBNP20251028141623.0800605s1973 ve ao 001 0cspa d aDO-SdBNPcDLCdDLC 4a920.087bC146m2221 aCaldera, Rafael,d1916-10aMoldes para la fragua /cRafael Caldera. aCaracas :bSeguros Horizonte,c1973. a144 p. :bil. ;c24 cm.0 aBolívar, símbolo de un deber actual -- Andrés Bello, ciudadano de América -- Manuel Vicente Maya, el testimonio discrepante -- Rafael Arévalo González, el acento que no pudo silenciar la mordaza -- José Gregorio Hernández, la lección perenne -- Tulio Febres Cordero, un faro en la provincia -- Andrés Eloy Blanco, el amortiguador de la constituyente -- Dardo Regules, modelo de convivencia -- Aquel obrero que llamamos Cristo -- Jacques Maritain, fe en Dios y en el pueblo. 7a Estadistasz Venezuela v Biografía. 0aVenezuela xBiografía